[Event "28. Klatovy B 2022"]
[Site "Klatovy"]
[Date "2022.07.06"]
[Round "5.26"]
[White "Barth, Vit"]
[Black "Levinsky, Ladislav"]
[Result "0-1"]
[WhiteElo "1310"]
[BlackElo "1498"]
[PlyCount "72"]
[EventDate "2022.07.02"]
[EventType "swiss"]
[EventRounds "9"]
[EventCountry "CZE"]

1. d4 Nf6 2. Nf3 d5 3. g3 Bf5 4. Bg2 c6 5. Bf4 e6 6. Nbd2 Bd6 7. Bxd6 Qxd6 8. O-O O-O 9. c4 Nbd7 10. Re1 h6 11. c5 Qc7 12. b4 a5 13. a3 Ra7 14. Qb3 Rfa8 15. b5 cxb5 16. Qxb5 Qc6 17. Qb2 a4 18. Nh4 Bh7 19. Nc4 g5 20. Ne5 Nxe5 21. dxe5 Nd7 22. Nf3 Qxc5 23. Rac1 Qb6 24. Qd2 Kh8 25. Rc3 Ra5 26. Rec1 Rc5 27. Rxc5 Nxc5 28. Qd4 Nd7 29. Qxb6 Nxb6 30. Rc7 Nc4 31. Rxf7 b5 32. Nd4 Nxe5 33. Rb7 Rc8 34. Nxe6 Rc1+ 35. Bf1 Bf5 36. Rc7 Nc4 0-1

[Event "28. Klatovy B 2022"]
[Site "Klatovy"]
[Date "2022.07.06"]
[Round "5.27"]
[White "Rychtecky, Pavel"]
[Black "Berkovec, Jakub"]
[Result "1-0"]
[WhiteElo "1482"]
[BlackElo "1191"]
[PlyCount "63"]
[EventDate "2022.07.02"]
[EventType "swiss"]
[EventRounds "9"]
[EventCountry "CZE"]

1. e4 c5 2. Nc3 Nc6 3. g3 d6 4. Bg2 Nf6 5. d3 g6 6. Nge2 Bg7 7. O-O O-O 8. Be3 e5 9. Qd2 a6 10. a4 Qc7 11. Nd5 Nxd5 12. exd5 Nd4 13. a5 Nxe2+ 14. Qxe2 Bd7 15. Rfc1 Rac8 16. c3 Qd8 17. Qd2 Qe7 18. Re1 Qd8 19. b4 cxb4 20. cxb4 Qe7 21. d4 f6 22. dxe5 fxe5 23. Rac1 Bb5 24. Bh3 Rxc1 25. Rxc1 Rb8 26. Bb6 Qf8 27. Be6+ Kh8 28. Rc7 Bh6 29. Qc2 Bg5 30. Rf7 Qe8 31. Qc7 h6 32. Rh7# 1-0

[Event "28. Klatovy B 2022"]
[Site "Klatovy"]
[Date "2022.07.06"]
[Round "5.28"]
[White "Sobr, Vaclav"]
[Black "Kroulik, Stepan"]
[Result "0-1"]
[WhiteElo "1474"]
[BlackElo "1134"]
[PlyCount "68"]
[EventDate "2022.07.02"]
[EventType "swiss"]
[EventRounds "9"]
[EventCountry "CZE"]

1. e4 c5 2. Nf3 Nc6 3. Bb5 d6 4. O-O a6 5. Bxc6+ bxc6 6. b3 Bg4 7. Bb2 e6 8. d3 d5 9. Re1 Nf6 10. Nbd2 Be7 11. e5 Nd7 12. d4 cxd4 13. Bxd4 c5 14. Bb2 O-O 15. h3 Bh5 16. Qe2 Bg6 17. Nf1 Qc7 18. Ng3 a5 19. a4 Rab8 20. Ba3 Rfc8 21. Qd2 Bd8 22. h4 h6 23. h5 Bh7 24. Ne2 Nxe5 25. Nxe5 Qxe5 26. Ng3 Qg5 27. Qe2 Bc7 28. Bc1 Qf6 29. Ra2 Bxg3 30. fxg3 c4 31. bxc4 Rxc4 32. Bf4 Rbb4 33. Be5 Qe7 34. Rea1 Re4 0-1

[Event "28. Klatovy B 2022"]
[Site "Klatovy"]
[Date "2022.07.06"]
[Round "5.29"]
[White "Novy, Jan"]
[Black "Nova, Anezka"]
[Result "0-1"]
[WhiteElo "1464"]
[BlackElo "1060"]
[PlyCount "66"]
[EventDate "2022.07.02"]
[EventType "swiss"]
[EventRounds "9"]
[EventCountry "CZE"]

1. e4 e5 2. Nf3 Nc6 3. Bc4 Bc5 4. O-O Nf6 5. d4 exd4 6. e5 d5 7. Bb5 Nd7 8. Bg5 f6 9. exf6 Nxf6 10. Re1+ Be7 11. Nxd4 Bd7 12. Bxf6 gxf6 13. Qh5+ Kf8 14. Bxc6 bxc6 15. Qh6+ Kg8 16. Qe3 Bc5 17. c3 Kf7 18. Nd2 Rb8 19. N2b3 Bb6 20. Qh6 Qf8 21. Qh5+ Kg8 22. Re3 Be8 23. Rg3+ Bg6 24. Nf5 Kf7 25. Nh6+ Ke7 26. Re1+ Kd6 27. Nf5+ Kd7 28. Rxg6 hxg6 29. Qxg6 Re8 30. Rxe8 Qxe8 31. Qg7+ Kc8 32. g4 Qe1+ 33. Kg2 Qxf2+ 0-1

[Event "28. Klatovy B 2022"]
[Site "Klatovy"]
[Date "2022.07.06"]
[Round "5.31"]
[White "Koupil, Stepan"]
[Black "Lickova, Anna"]
[Result "1/2-1/2"]
[WhiteElo "1450"]
[BlackElo "1016"]
[PlyCount "79"]
[EventDate "2022.07.02"]
[EventType "swiss"]
[EventRounds "9"]
[EventCountry "CZE"]

1. e4 e5 2. Nf3 Nc6 3. d4 exd4 4. Nxd4 Nf6 5. Nc3 Bc5 6. Be3 d6 7. Nxc6 bxc6 8. Bxc5 dxc5 9. Bc4 O-O 10. Qxd8 Rxd8 11. Rd1 Be6 12. Bxe6 fxe6 13. Ke2 e5 14. Ke3 Rd6 15. Rxd6 cxd6 16. Rd1 Rd8 17. Na4 c4 18. Nc5 Kf7 19. Nb7 Rd7 20. Na5 Ke6 21. f3 d5 22. Nxc6 d4+ 23. Ke2 Kd6 24. Na5 Kc5 25. b3 cxb3 26. axb3 g5 27. Nc4 Re7 28. g4 h5 29. h3 h4 30. Ra1 Ne8 31. Kd3 Nd6 32. Ra5+ Nb5 33. Na3 Kb4 34. Rxb5+ Kxa3 35. Ra5+ Kb4 36. Ra6 Rf7 37. Ra4+ Kb5 38. Ke2 Rc7 39. Kd3 Rf7 40. Ke2 1/2-1/2

[Event "28. Klatovy B 2022"]
[Site "Klatovy"]
[Date "2022.07.06"]
[Round "5.32"]
[White "Lhotsky, Zdenek 1966"]
[Black "Dolezal, Rudolf"]
[Result "1/2-1/2"]
[WhiteElo "1321"]
[BlackElo "1625"]
[PlyCount "52"]
[EventDate "2022.07.02"]
[EventType "swiss"]
[EventRounds "9"]
[EventCountry "CZE"]

1. e4 e6 2. d4 c5 3. Nf3 cxd4 4. Nxd4 a6 5. Nc3 Nc6 6. a3 Bc5 7. Be3 Nxd4 8. Bxd4 Bxd4 9. Qxd4 Qf6 10. Qd6 Qe7 11. O-O-O Qxd6 12. Rxd6 Nf6 13. Be2 Ke7 14. Rhd1 Ne8 15. R6d4 b6 16. Na4 Rb8 17. Rb4 b5 18. c4 Nd6 19. cxb5 axb5 20. Nc3 Ba6 21. Rbd4 Nc4 22. Rxd7+ Kf6 23. Ra7 Ra8 24. Rad7 Rhe8 25. Kc2 Ne5 26. R7d5 Nc4 1/2-1/2

[Event "28. Klatovy B 2022"]
[Site "Klatovy"]
[Date "2022.07.06"]
[Round "5.33"]
[White "Vajdik, Josef"]
[Black "Pucholt, Martin 1978"]
[Result "1/2-1/2"]
[WhiteElo "1305"]
[BlackElo "1566"]
[PlyCount "62"]
[EventDate "2022.07.02"]
[EventType "swiss"]
[EventRounds "9"]
[EventCountry "CZE"]

1. e4 c5 2. Nf3 d6 3. c3 g6 4. d4 cxd4 5. cxd4 Bg7 6. h3 Nc6 7. Nc3 Nh6 8. Be3 e6 9. Qd2 Ng8 10. Be2 Nge7 11. O-O d5 12. e5 Nf5 13. Bf4 Bd7 14. Bb5 O-O 15. Bxc6 Bxc6 16. Rfe1 Rc8 17. Ne2 Rc7 18. Rac1 Qe7 19. Ng3 Nxg3 20. Bxg3 Rfc8 21. Rc3 h6 22. Rec1 Kh7 23. Qc2 Kg8 24. a3 a6 25. Qb3 Kh7 26. Qb6 Qd7 27. Nd2 Bf8 28. Nb3 Be7 29. Nc5 Bxc5 30. Rxc5 Qe8 31. b4 Qd8 1/2-1/2

[Event "28. Klatovy B 2022"]
[Site "Klatovy"]
[Date "2022.07.06"]
[Round "5.34"]
[White "Rezny, Frantisek"]
[Black "Fadrny, Jachym"]
[Result "0-1"]
[WhiteElo "1517"]
[BlackElo "1198"]
[PlyCount "112"]
[EventDate "2022.07.02"]
[EventType "swiss"]
[EventRounds "9"]
[EventCountry "CZE"]

1. e4 e6 2. Nf3 d5 3. exd5 exd5 4. d4 Nf6 5. Be2 Bd6 6. Bg5 Bf5 7. Nc3 c6 8. O-O O-O 9. Nh4 Be6 10. Bd3 h6 11. Be3 Bxh2+ 12. Kh1 Bd6 13. Nf5 Bc7 14. Qf3 Qd7 15. Ne2 Bxf5 16. Bxf5 Qe7 17. Ng3 Qd6 18. Kh2 Nbd7 19. c3 Rfe8 20. Rh1 Ne4 21. Rae1 Ndf6 22. Kh3 Nxg3 23. fxg3 g6 24. Bf4 Rxe1 25. Rxe1 Qd8 26. Bxc7 Qxc7 27. Bxg6 fxg6 28. Qxf6 Qd7+ 29. Kh2 Qf5 30. Qe7 Qf7 31. Qe3 Kh7 32. Kg1 Rf8 33. Qe2 Qf5 34. Rf1 Qxf1+ 35. Qxf1 Rxf1+ 36. Kxf1 Kg7 37. Kf2 Kf6 38. g4 g5 39. a4 Ke6 40. Kf3 b6 41. b4 Kd6 42. Ke3 a6 43. Kd3 c5 44. b5 a5 45. Ke3 c4 46. Kf3 Ke6 47. Kg3 Kf6 48. Kf3 Kg6 49. Kg3 h5 50. gxh5+ Kxh5 51. Kh2 Kg4 52. Kg1 Kg3 53. Kf1 Kh2 54. Kf2 g4 55. g3 Kh3 56. Kg1 Kxg3 0-1

[Event "28. Klatovy B 2022"]
[Site "Klatovy"]
[Date "2022.07.07"]
[Round "6.1"]
[White "Zednik, Zdenek"]
[Black "Koper, Stefan"]
[Result "1-0"]
[WhiteElo "1845"]
[BlackElo "1829"]
[PlyCount "47"]
[EventDate "2022.07.02"]
[EventType "swiss"]
[EventRounds "9"]
[EventCountry "CZE"]

1. c4 Nf6 2. Nc3 e6 3. Nf3 d5 4. e3 Be7 5. Be2 O-O 6. cxd5 exd5 7. d4 c6 8. O-O Nbd7 9. Qc2 Re8 10. Ne5 Nxe5 11. dxe5 Nd7 12. f4 g6 13. Rd1 Nf8 14. b3 f6 15. exf6 Bxf6 16. e4 Qb6+ 17. Kh1 dxe4 18. Bb2 Bf5 19. Na4 e3 20. Qc4+ Be6 21. Nxb6 Bxc4 22. Bxc4+ Kg7 23. Bxf6+ Kxf6 24. Nxa8 1-0

[Event "28. Klatovy B 2022"]
[Site "Klatovy"]
[Date "2022.07.07"]
[Round "6.2"]
[White "Benes, Jachym"]
[Black "Masek, Jan"]
[Result "1-0"]
[WhiteElo "1776"]
[BlackElo "1865"]
[PlyCount "101"]
[EventDate "2022.07.02"]
[EventType "swiss"]
[EventRounds "9"]
[EventCountry "CZE"]

1. d4 Nf6 2. c4 e6 3. Nf3 Bb4+ 4. Bd2 Qe7 5. Qc2 O-O 6. Nc3 d6 7. e4 Re8 8. Be2 e5 9. d5 a5 10. O-O Na6 11. Na4 Bd7 12. a3 Bxd2 13. Nxd2 Bxa4 14. Qxa4 Nc5 15. Qc2 a4 16. Bf3 Ra6 17. Rae1 Rea8 18. Re3 h5 19. Bd1 g6 20. f4 exf4 21. Rxf4 Qe5 22. g3 Qd4 23. Kf2 Rb6 24. e5 Nfe4+ 25. Nxe4 dxe5 26. Nf6+ Rxf6 27. Rxf6 e4 28. Rf4 g5 29. Rfxe4 Nxe4+ 30. Qxe4 Qxd1 31. Qf5 Qg4 32. Qxg4 hxg4 33. Re5 f6 34. Re7 Rc8 35. Ke3 Kf8 36. Re6 Re8 37. Rxe8+ Kxe8 38. Ke4 b6 39. Kf5 Kf7 40. Kxg4 Kg6 41. h3 f5+ 42. Kf3 Kh5 43. Ke3 Kg6 44. Kd4 Kf6 45. h4 Kg6 46. hxg5 Kxg5 47. Ke5 Kg4 48. Ke6 Kxg3 49. Kxf5 Kf3 50. Ke6 Ke4 51. Kd7 1-0

[Event "28. Klatovy B 2022"]
[Site "Klatovy"]
[Date "2022.07.07"]
[Round "6.3"]
[White "Andrle, Filip"]
[Black "Rezac, Jindrich"]
[Result "1/2-1/2"]
[WhiteElo "1495"]
[BlackElo "1833"]
[PlyCount "45"]
[EventDate "2022.07.02"]
[EventType "swiss"]
[EventRounds "9"]
[EventCountry "CZE"]

1. e4 d5 2. exd5 Qxd5 3. Nc3 Qa5 4. d4 Nf6 5. Nf3 c6 6. Bd2 Qc7 7. Bd3 Bg4 8. O-O e6 9. Re1 Be7 10. Ne4 Nxe4 11. Bxe4 Nd7 12. c3 Nf6 13. Bc2 Bd6 14. h3 Bh5 15. Qe2 O-O 16. Rad1 Bf4 17. Bxf4 Qxf4 18. Qe3 Nd5 19. Qxf4 Nxf4 20. Re3 Nd5 21. Red3 Nf4 22. Re3 Nd5 23. Red3 1/2-1/2

[Event "28. Klatovy B 2022"]
[Site "Klatovy"]
[Date "2022.07.07"]
[Round "6.4"]
[White "Sindelar, Jan 2000"]
[Black "Durchan, Milan 1961"]
[Result "0-1"]
[WhiteElo "1466"]
[BlackElo "1687"]
[PlyCount "138"]
[EventDate "2022.07.02"]
[EventType "swiss"]
[EventRounds "9"]
[EventCountry "CZE"]

1. c4 Nf6 2. g3 g6 3. Bg2 d5 4. cxd5 Nxd5 5. Nc3 c6 6. Nf3 Bg7 7. O-O O-O 8. Rb1 Bf5 9. e4 Nxc3 10. bxc3 Bxe4 11. Rxb7 c5 12. Rb2 Nd7 13. Ne1 Bxg2 14. Kxg2 Nb6 15. Rc2 Qd5+ 16. Qf3 Rfd8 17. Qxd5 Rxd5 18. c4 Rd7 19. Nf3 e5 20. Re1 f6 21. h4 Rad8 22. h5 Rd3 23. hxg6 hxg6 24. Rh1 e4 25. Ne1 R3d4 26. Rh4 f5 27. d3 exd3 28. Rxd4 Rxd4 29. Rd2 Bh6 30. f4 Nxc4 31. Rxd3 Rxd3 32. Nxd3 Bf8 33. Kf3 Kf7 34. Be3 Nxe3 35. Kxe3 Bd6 36. Nb2 Ke6 37. Nc4 Kd5 38. Kd3 Bc7 39. Ne3+ Kc6 40. Kc4 Ba5 41. Ng2 Bd8 42. a4 Kd6 43. Ne3 Ba5 44. Ng2 Bb4 45. Nh4 Be1 46. Nxg6 Bxg3 47. a5 a6 48. Kd3 Kd5 49. Ne7+ Ke6 50. Nc6 Bxf4 51. Nd8+ Kd5 52. Nf7 c4+ 53. Kc3 Be5+ 54. Kd2 Kd4 55. Nd8 c3+ 56. Kc2 Kc4 57. Ne6 f4 58. Ng5 Bc7 59. Nf3 Bxa5 60. Ne5+ Kd5 61. Nf3 Ke4 62. Ne1 Bb4 63. Kd1 a5 64. Ke2 a4 65. Nc2 Be7 66. Ne1 a3 67. Nc2 a2 68. Kd1 Ba3 69. Na1 Bb2 0-1

[Event "28. Klatovy B 2022"]
[Site "Klatovy"]
[Date "2022.07.07"]
[Round "6.5"]
[White "Rudlof, Jan"]
[Black "Hampel, Rudolf"]
[Result "1/2-1/2"]
[WhiteElo "1767"]
[BlackElo "1598"]
[PlyCount "47"]
[EventDate "2022.07.02"]
[EventType "swiss"]
[EventRounds "9"]
[EventCountry "CZE"]

1. d4 Nf6 2. Bg5 e6 3. Nf3 Be7 4. Nbd2 d5 5. e3 Nbd7 6. c3 O-O 7. Bd3 Re8 8. O-O h6 9. Bxf6 Nxf6 10. e4 dxe4 11. Nxe4 Nd5 12. Rc1 Bd7 13. Bb1 Bf8 14. Qc2 g6 15. Ne5 Bg7 16. Qd2 Rf8 17. c4 Ne7 18. Rcd1 Nf5 19. f4 Be8 20. g4 Nd6 21. b3 Nxe4 22. Bxe4 c6 23. Qf2 f5 24. gxf5 1/2-1/2

[Event "28. Klatovy B 2022"]
[Site "Klatovy"]
[Date "2022.07.07"]
[Round "6.6"]
[White "Jirasek, Jiri"]
[Black "Vavrinek, Tomas"]
[Result "1/2-1/2"]
[WhiteElo "1878"]
[BlackElo "1677"]
[PlyCount "102"]
[EventDate "2022.07.02"]
[EventType "swiss"]
[EventRounds "9"]
[EventCountry "CZE"]

1. d4 d5 2. c4 e6 3. Nc3 Nf6 4. Nf3 Nbd7 5. e3 c5 6. a3 cxd4 7. Nxd4 Nb6 8. cxd5 Nfxd5 9. Nxd5 Qxd5 10. Bb5+ Bd7 11. Bxd7+ Qxd7 12. O-O Be7 13. Bd2 O-O 14. Rc1 Rac8 15. Qe2 a6 16. h3 Qd5 17. Bb4 Bxb4 18. axb4 Rxc1 19. Rxc1 Rc8 20. Rxc8+ Nxc8 21. b5 a5 22. Qc2 Qd7 23. Qc3 b6 24. e4 h6 25. e5 Na7 26. Qc4 Qd5 27. Qxd5 exd5 28. f4 g6 29. g4 Kf8 30. f5 gxf5 31. gxf5 f6 32. e6 Ke7 33. Kf2 Kd6 34. b3 Nc8 35. Ke3 Ke5 36. h4 h5 37. Kd3 Nd6 38. e7 Ne8 39. Nc6+ Kxf5 40. Nxa5 Ke6 41. Nc6 Kd6 42. b4 Nc7 43. Ke3 Kd7 44. Nd4 Kxe7 45. Nf5+ Kf7 46. Kd4 Nxb5+ 47. Kxd5 Nc3+ 48. Kc4 Nb1 49. Kd5 Nc3+ 50. Kc4 Nb1 51. Kd5 Ke8 1/2-1/2

[Event "28. Klatovy B 2022"]
[Site "Klatovy"]
[Date "2022.07.07"]
[Round "6.7"]
[White "Stanke, Petr"]
[Black "Danek, Vaclav"]
[Result "0-1"]
[WhiteElo "1522"]
[BlackElo "1862"]
[PlyCount "77"]
[EventDate "2022.07.02"]
[EventType "swiss"]
[EventRounds "9"]
[EventCountry "CZE"]

1. d4 c5 2. Nf3 cxd4 3. Nxd4 Nf6 4. Nc3 d5 5. Bf4 a6 6. a4 g6 7. g3 Bg7 8. Bg2 O-O 9. O-O Nc6 10. Nxc6 bxc6 11. Qd2 Re8 12. Bg5 Qb6 13. Rab1 e5 14. b4 e4 15. a5 Qc7 16. Na4 Nd7 17. Be3 Qe5 18. Rfd1 Qe6 19. Nb6 Rb8 20. c4 Nxb6 21. axb6 dxc4 22. Qd6 f5 23. Qxe6+ Bxe6 24. Rd6 Bd5 25. Rd7 c3 26. Rc1 Red8 27. Ra7 Bb3 28. b7 c2 29. Bf1 Rd7 30. b5 axb5 31. Bf4 Rbxb7 32. Ra3 Ba4 33. Ra2 Rd1 34. Rcxc2 Bxc2 35. Rxc2 Rb6 36. Kg2 c5 37. Ra2 Rb7 38. e3 Rxf1 39. Kxf1 0-1

[Event "28. Klatovy B 2022"]
[Site "Klatovy"]
[Date "2022.07.07"]
[Round "6.8"]
[White "Vachal, Josef1"]
[Black "Berka, Lubos"]
[Result "1/2-1/2"]
[WhiteElo "1765"]
[BlackElo "1677"]
[PlyCount "46"]
[EventDate "2022.07.02"]
[EventType "swiss"]
[EventRounds "9"]
[EventCountry "CZE"]

1. e4 c6 2. d4 d5 3. Nc3 dxe4 4. Nxe4 Nf6 5. Nxf6+ exf6 6. Bc4 Bd6 7. Qe2+ Qe7 8. Qxe7+ Bxe7 9. Bf4 Be6 10. Bd3 Nd7 11. O-O-O Nb6 12. a3 O-O 13. Ne2 Rad8 14. Rhe1 c5 15. Bc7 Rd7 16. Bxb6 axb6 17. d5 Rxd5 18. Nf4 Rd6 19. Be4 Rxd1+ 20. Kxd1 Rd8+ 21. Kc1 Rd7 22. Bf3 Rd6 23. Bxb7 Kf8 1/2-1/2

[Event "28. Klatovy B 2022"]
[Site "Klatovy"]
[Date "2022.07.07"]
[Round "6.9"]
[White "Cyron, Karel"]
[Black "Sova, Zdenek"]
[Result "0-1"]
[WhiteElo "1708"]
[BlackElo "1669"]
[PlyCount "48"]
[EventDate "2022.07.02"]
[EventType "swiss"]
[EventRounds "9"]
[EventCountry "CZE"]

1. e4 c5 2. Nf3 e6 3. d4 cxd4 4. Nxd4 a6 5. Bd3 Nf6 6. O-O Qc7 7. Nc3 b5 8. a3 Bb7 9. Qe2 d6 10. Kh1 Be7 11. f4 Nbd7 12. Bd2 O-O 13. b4 Rfe8 14. Rae1 Nb6 15. e5 Nfd5 16. Nxe6 fxe6 17. Bxh7+ Kxh7 18. Qh5+ Kg8 19. Ne4 Nc4 20. Ng5 Bxg5 21. fxg5 g6 22. Qxg6+ Qg7 23. Qd3 Nxd2 24. Qxd2 dxe5 0-1

[Event "28. Klatovy B 2022"]
[Site "Klatovy"]
[Date "2022.07.07"]
[Round "6.10"]
[White "Chmelik, Ladislav"]
[Black "Macho, Miloslav"]
[Result "1-0"]
[WhiteElo "1730"]
[BlackElo "1664"]
[PlyCount "67"]
[EventDate "2022.07.02"]
[EventType "swiss"]
[EventRounds "9"]
[EventCountry "CZE"]

1. d4 Nf6 2. c4 e6 3. Bg5 Bb4+ 4. Nc3 Bxc3+ 5. bxc3 c5 6. Qc2 h6 7. Bh4 cxd4 8. cxd4 Qa5+ 9. Qd2 Qxd2+ 10. Kxd2 Nc6 11. Bxf6 gxf6 12. Nf3 d6 13. e3 Rg8 14. g3 Na5 15. Bd3 b6 16. Rhc1 Bb7 17. e4 f5 18. d5 fxe4 19. Bxe4 Rc8 20. Bd3 Kd7 21. Nd4 Rg4 22. f4 Rgg8 23. Rc2 Ra8 24. Re1 Rge8 25. dxe6+ fxe6 26. Kc1 Nc6 27. Nxc6 Bxc6 28. Rce2 d5 29. Bg6 Rh8 30. Rxe6 dxc4 31. Bf5 Kc7 32. Re7+ Kd6 33. R1e6+ Kc5 34. Rc7 1-0

[Event "28. Klatovy B 2022"]
[Site "Klatovy"]
[Date "2022.07.07"]
[Round "6.11"]
[White "Vavrousek, Petr"]
[Black "Skopec, Lubos"]
[Result "0-1"]
[WhiteElo "1517"]
[BlackElo "1860"]
[PlyCount "62"]
[EventDate "2022.07.02"]
[EventType "swiss"]
[EventRounds "9"]
[EventCountry "CZE"]

1. e4 e5 2. Nf3 Nf6 3. d4 Nxe4 4. Bd3 d5 5. Nxe5 Nd7 6. Nxd7 Bxd7 7. c4 Bb4+ 8. Nd2 Nxd2 9. Bxd2 Qe7+ 10. Qe2 Bxd2+ 11. Kxd2 Qxe2+ 12. Bxe2 dxc4 13. Bf3 O-O-O 14. Kc3 Be6 15. a4 c6 16. Be2 Rhe8 17. Rhe1 Re7 18. Bxc4 Rde8 19. Bxe6+ Rxe6 20. Rxe6 Rxe6 21. Kd3 Kd7 22. b4 Kd6 23. Rc1 b6 24. b5 Kd7 25. f4 Rd6 26. Kc4 Re6 27. Kd3 Rd6 28. Re1 c5 29. Kc4 Rxd4+ 30. Kc3 Rxa4 31. Kb3 Rxf4 0-1

[Event "28. Klatovy B 2022"]
[Site "Klatovy"]
[Date "2022.07.07"]
[Round "6.12"]
[White "Bukvaj, Martin"]
[Black "Zak, Jiri1"]
[Result "1-0"]
[WhiteElo "1410"]
[BlackElo "1732"]
[PlyCount "75"]
[EventDate "2022.07.02"]
[EventType "swiss"]
[EventRounds "9"]
[EventCountry "CZE"]

1. e4 d6 2. d4 g6 3. Nc3 Bg7 4. Be3 Nf6 5. Qd2 c6 6. O-O-O Nbd7 7. Nge2 b6 8. f3 Ba6 9. Ng3 Bxf1 10. Rhxf1 Qc7 11. f4 O-O-O 12. d5 Ng4 13. Bg1 Bxc3 14. Qxc3 cxd5 15. Qxc7+ Kxc7 16. Rxd5 h5 17. h3 Ngf6 18. Rd4 Kb7 19. Rfd1 h4 20. Ne2 Kc8 21. Nc3 a6 22. a4 Nc5 23. Rc4 Kb7 24. Rb4 a5 25. Rbd4 Ne6 26. R4d2 Rc8 27. e5 dxe5 28. fxe5 Ne8 29. Nd5 Nc5 30. Bxc5 Rxc5 31. Nxe7 Rxe5 32. Rd7+ Nc7 33. Nd5 Rc8 34. Rxf7 Kc6 35. Ne7+ Rxe7 36. Rxe7 Rf8 37. Red7 Nd5 38. R7xd5 1-0

[Event "28. Klatovy B 2022"]
[Site "Klatovy"]
[Date "2022.07.07"]
[Round "6.13"]
[White "Vana, Jan 2010"]
[Black "Vavrinkova, Jitka"]
[Result "1/2-1/2"]
[WhiteElo "1708"]
[BlackElo "1548"]
[PlyCount "53"]
[EventDate "2022.07.02"]
[EventType "swiss"]
[EventRounds "9"]
[EventCountry "CZE"]

1. e4 e6 2. Nf3 d5 3. e5 c5 4. b4 c4 5. a3 Qc7 6. d4 f6 7. exf6 Nxf6 8. Ne5 Bd6 9. f4 Nc6 10. Nc3 Nxe5 11. Nb5 Nf3+ 12. Qxf3 Qe7 13. Nxd6+ Qxd6 14. Be2 O-O 15. O-O Bd7 16. Qe3 Qb6 17. g4 Be8 18. g5 Ne4 19. a4 Bg6 20. b5 Rac8 21. Ba3 Rfe8 22. Rfb1 Qc7 23. Bb4 b6 24. Be1 Rf8 25. Bg3 Qd7 26. Rb2 Bf5 27. Kg2 1/2-1/2

[Event "28. Klatovy B 2022"]
[Site "Klatovy"]
[Date "2022.07.07"]
[Round "6.14"]
[White "Novy, Jaroslav"]
[Black "Vnoucek, Pavel"]
[Result "1/2-1/2"]
[WhiteElo "1458"]
[BlackElo "1678"]
[PlyCount "49"]
[EventDate "2022.07.02"]
[EventType "swiss"]
[EventRounds "9"]
[EventCountry "CZE"]

1. e4 d6 2. d4 Nf6 3. Nc3 c6 4. Be3 Qc7 5. h3 g6 6. Nf3 Bg7 7. Bc4 O-O 8. Bb3 b5 9. a3 Nbd7 10. O-O a5 11. Re1 Ba6 12. Bf4 e5 13. dxe5 dxe5 14. Be3 b4 15. axb4 axb4 16. Na4 Nxe4 17. Nd2 Nef6 18. Nc5 Bb5 19. Qf3 Rxa1 20. Rxa1 e4 21. Ndxe4 Nxe4 22. Nxd7 Qxd7 23. Qxe4 Bxb2 24. Ra7 Qf5 25. Qxb4 1/2-1/2

[Event "28. Klatovy B 2022"]
[Site "Klatovy"]
[Date "2022.07.07"]
[Round "6.15"]
[White "Bukvaj, Jan"]
[Black "Beran, Jakub"]
[Result "1-0"]
[WhiteElo "1342"]
[BlackElo "1676"]
[PlyCount "63"]
[EventDate "2022.07.02"]
[EventType "swiss"]
[EventRounds "9"]
[EventCountry "CZE"]

1. c4 c5 2. Nc3 Nc6 3. g3 g6 4. Bg2 Bg7 5. e3 d6 6. Nge2 Nf6 7. O-O O-O 8. d4 cxd4 9. Nxd4 Bd7 10. Nxc6 Bxc6 11. Nd5 Rc8 12. Bd2 e6 13. Nxf6+ Bxf6 14. Bb4 Bxg2 15. Kxg2 Rxc4 16. Qxd6 Qxd6 17. Bxd6 Rd8 18. Ba3 Rc2 19. Rac1 Rdd2 20. Rxc2 Rxc2 21. Rb1 a5 22. Rd1 b5 23. Bd6 Rxb2 24. a3 Rb3 25. Rc1 Bb2 26. Rb1 a4 27. Kf3 Kg7 28. Rxb2 Rxb2 29. Be5+ f6 30. Bxb2 Kf7 31. Ke4 Ke7 32. Bc3 1-0

[Event "28. Klatovy B 2022"]
[Site "Klatovy"]
[Date "2022.07.07"]
[Round "6.16"]
[White "Kroulik, Stepan"]
[Black "Bara, Jan"]
[Result "0-1"]
[WhiteElo "1134"]
[BlackElo "1616"]
[PlyCount "120"]
[EventDate "2022.07.02"]
[EventType "swiss"]
[EventRounds "9"]
[EventCountry "CZE"]

1. d4 Nf6 2. Bf4 d5 3. e3 c5 4. c3 cxd4 5. cxd4 Bf5 6. Nc3 e6 7. a3 Bd6 8. Bg3 O-O 9. Nf3 Nc6 10. Bd3 Bxd3 11. Qxd3 Na5 12. Bxd6 Qxd6 13. Nd2 Rac8 14. O-O Ng4 15. g3 Nc4 16. Nxc4 Rxc4 17. b3 Rc6 18. f3 Nf6 19. e4 Qc7 20. Ne2 h6 21. e5 Nd7 22. Rac1 Qb6 23. b4 Nxe5 24. Rxc6 bxc6 25. Qc3 Rb8 26. Kg2 Nc4 27. Nc1 Qa6 28. Ne2 Qxa3 29. Qxa3 Nxa3 30. Ra1 Nc2 31. Rxa7 Rxb4 32. Rc7 Nxd4 33. Nxd4 Rxd4 34. Rxc6 Rc4 35. Rxc4 dxc4 36. Kf2 Kf8 37. Ke3 c3 38. Kd3 c2 39. Kxc2 Ke7 40. Kd3 Kd6 41. Kc4 Ke5 42. Kc5 g5 43. Kc4 f5 44. Kd3 h5 45. Ke3 f4+ 46. gxf4+ gxf4+ 47. Kd3 Kd5 48. Kc3 Ke5 49. Kd3 Kf6 50. h4 e5 51. Ke4 Ke6 52. Kd3 Kd6 53. Kc4 Kc6 54. Kc3 Kc5 55. Kd3 Kd5 56. Ke2 Kc4 57. Kd2 Kd4 58. Ke2 Kc3 59. Ke1 Kd3 60. Kf2 Kd2 0-1

[Event "28. Klatovy B 2022"]
[Site "Klatovy"]
[Date "2022.07.07"]
[Round "6.17"]
[White "Maly, Jiri 2011"]
[Black "Skalny, Petr"]
[Result "1-0"]
[WhiteElo "1249"]
[BlackElo "1609"]
[PlyCount "67"]
[EventDate "2022.07.02"]
[EventType "swiss"]
[EventRounds "9"]
[EventCountry "CZE"]

1. e4 d5 2. exd5 Nf6 3. Nf3 Nxd5 4. d4 Bg4 5. Be2 Nc6 6. h3 Bh5 7. g4 Bg6 8. O-O e6 9. c4 Ndb4 10. Na3 Bd6 11. Be3 h5 12. g5 h4 13. Ne1 e5 14. d5 Nd4 15. Bd3 Nxd3 16. Nxd3 Bxd3 17. Qxd3 Nf3+ 18. Kh1 Nxg5 19. c5 Be7 20. d6 Qd7 21. Bxg5 Bxg5 22. Nb5 O-O-O 23. Nxa7+ Kb8 24. Nb5 Qc6+ 25. Kg1 cxd6 26. cxd6 Rh6 27. Rad1 Bf4 28. Qd5 Qd7 29. Rd3 Rg6+ 30. Kh1 Bg3 31. fxg3 Qxh3+ 32. Kg1 hxg3 33. Qg2 Qh4 34. Rxf7 1-0

[Event "28. Klatovy B 2022"]
[Site "Klatovy"]
[Date "2022.07.07"]
[Round "6.18"]
[White "Kratochvil, Milos 1976"]
[Black "Kovar, Vaclav 1953"]
[Result "0-1"]
[WhiteElo "1393"]
[BlackElo "1619"]
[PlyCount "102"]
[EventDate "2022.07.02"]
[EventType "swiss"]
[EventRounds "9"]
[EventCountry "CZE"]

1. d4 d5 2. e3 Nf6 3. Nf3 Bg4 4. Bd3 e6 5. c3 c5 6. Nbd2 Nc6 7. O-O cxd4 8. cxd4 Bd6 9. Re1 O-O 10. e4 dxe4 11. Nxe4 Bb4 12. Re3 Nd5 13. Qe2 Nxe3 14. Qxe3 Bxf3 15. Qxf3 Nxd4 16. Qh3 f5 17. Bg5 Be7 18. Bxe7 Qxe7 19. Ng3 Rf6 20. Qh4 Nc6 21. Re1 Qb4 22. Qxb4 Nxb4 23. Bc4 g6 24. Bxe6+ Kf8 25. Bb3 Rc8 26. Rd1 Rfc6 27. Ne2 Re8 28. Kf1 Rc5 29. f4 Nc2 30. Kf2 Ne3 31. Rd7 Ng4+ 32. Kf1 Re7 33. Rd8+ Kg7 34. h3 Nf6 35. Nc3 b5 36. g4 fxg4 37. hxg4 Nxg4 38. Nd5 Ne3+ 39. Kf2 Nxd5 40. Bxd5 Rc2+ 41. Kg3 Rxb2 42. Kg4 Rd2 43. Kf3 Rc7 44. Ke3 Rh2 45. Kd4 a5 46. Ke5 Rh5+ 47. Ke6 Rxd5 48. Kxd5 Rc4 49. Ke5 Rc2 50. Rd5 Rxa2 51. Rxb5 a4 0-1

[Event "28. Klatovy B 2022"]
[Site "Klatovy"]
[Date "2022.07.07"]
[Round "6.20"]
[White "Kubat, Zbynek"]
[Black "Rychtecky, Pavel"]
[Result "1/2-1/2"]
[WhiteElo "1596"]
[BlackElo "1482"]
[PlyCount "69"]
[EventDate "2022.07.02"]
[EventType "swiss"]
[EventRounds "9"]
[EventCountry "CZE"]

1. e4 c5 2. d4 cxd4 3. c3 e6 4. cxd4 d5 5. Bb5+ Bd7 6. Bxd7+ Qxd7 7. exd5 Qxd5 8. Nf3 Bb4+ 9. Nc3 Nf6 10. O-O Bxc3 11. bxc3 O-O 12. Qb3 b5 13. Rb1 a6 14. Bb2 Nc6 15. Rbc1 Na5 16. Qxd5 Nxd5 17. Nd2 Rfc8 18. Rfe1 Rc6 19. g3 Rac8 20. Ne4 Nc4 21. Ba1 Ncb6 22. Nc5 Na4 23. c4 Nb4 24. a3 Nxc5 25. cxb5 axb5 26. axb4 Nd3 27. Rxc6 Rxc6 28. Rb1 Rc4 29. Kf1 Rxb4 30. Rd1 Rb3 31. d5 f6 32. dxe6 Kf8 33. f4 Ke7 34. Ke2 Ne5 35. f5 1/2-1/2